Introduction to quantum optics : (Record no. 19981)

MARC details
000 -LEADER
fixed length control field 01189cam a2200313 i 4500
001 - CONTROL NUMBER
control field 16577197
003 - CONTROL NUMBER IDENTIFIER
control field EG-ScBUE
005 - DATE AND TIME OF LATEST TRANSACTION
control field 20250612133515.0
008 - FIXED-LENGTH DATA ELEMENTS--GENERAL INFORMATION
fixed length control field 101213s2010 enka f b f001 0 eng d
020 ## - INTERNATIONAL STANDARD BOOK NUMBER
International Standard Book Number 9780521551120 (hbk.)
040 ## - CATALOGING SOURCE
Original cataloging agency UKM
Language of cataloging eng
Description conventions rda
Transcribing agency UKM
Modifying agency BTCTA
-- YDXCP
-- CDX
-- HEBIS
-- DLC
-- EG-ScBUE
082 04 - DEWEY DECIMAL CLASSIFICATION NUMBER
Classification number 535.15
Item number GRY
Edition number 22
100 1# - MAIN ENTRY--PERSONAL NAME
Personal name Grynberg, Gilbert,
Relator term author.
9 (RLIN) 38233
245 10 - TITLE STATEMENT
Title Introduction to quantum optics :
Remainder of title from the semi-classical approach to quantized light /
Statement of responsibility, etc Gilbert Grynberg, Alain Aspect, Claude Fabre ; with a foreword by Claude Cohen-Tannoudji.
264 #1 - PUBLICATION, DISTRIBUTION, ETC. (IMPRINT)
Place of publication, distribution, etc Cambridge :
Name of publisher, distributor, etc Cambridge University Press,
Date of publication, distribution, etc 2010.
300 ## - PHYSICAL DESCRIPTION
Extent xxix, 665 pages :
Other physical details illustrations ;
Dimensions 26 cm
336 ## - CONTENT TYPE
Source rdacontent
Content type term text
Content type code txt
337 ## - MEDIA TYPE
Source rdamedia
Media type term unmediated
Media type code n
338 ## - CARRIER TYPE
Source rdacarrier
Carrier type term volume
Carrier type code nc
504 ## - BIBLIOGRAPHY, ETC. NOTE
Bibliography, etc Includes bibliographical references and index.<br/>
650 #7 - SUBJECT ADDED ENTRY--TOPICAL TERM
Topical term or geographic name as entry element Quantum optics.
Source of heading or term BUEsh
651 ## - SUBJECT ADDED ENTRY--GEOGRAPHIC NAME
Source of heading or term BUEsh
653 ## - INDEX TERM--UNCONTROLLED
Resource For college Engineering, General
Arrived date list June2015
-- July2015
655 ## - INDEX TERM--GENRE/FORM
Form subdivision Reading book
700 1# - ADDED ENTRY--PERSONAL NAME
Personal name Aspect, Alain,
Relator term author.
700 1# - ADDED ENTRY--PERSONAL NAME
Personal name Fabre, Claude,
Dates associated with a name 1951-
Relator term author.
700 1# - ADDED ENTRY--PERSONAL NAME
Personal name Cohen-Tannoudji, Claude
Relator term author of introduction, etc.
942 ## - ADDED ENTRY ELEMENTS (KOHA)
Source of classification or shelving scheme Dewey Decimal Classification
Koha item type Book - Borrowing
Holdings
Withdrawn status Lost status Source of classification or shelving scheme Damaged status Not for loan Collection code Home library Current library Shelving location Date acquired Source of acquisition Cost, normal purchase price Serial Enumeration / chronology Total Checkouts Full call number Barcode Date last seen Cost, replacement price Koha item type
    Dewey Decimal Classification     Alahram Central Library Central Library First floor 28/06/2015   495.00 337   535.15 GRY 000038833 15/07/2025 618.75 Book - Borrowing